000 00659nam a2200265Ia 4500
005 20260121171241.0
008 008 260114s9999 xx 000 0 eng d
020 _a9781137601988
037 _aEBOOK
040 _aCRL
040 _beng
040 _cCRL
041 _2eng
041 _aeng
084 _qCRL
100 _aSyuzanna Vasilyan
_91073904
245 0 _aMoral Power' of the European Union in the South Caucasus
260 _bSpringer
260 _bSpringer
260 _c2020
856 _uhttps://link.springer.com/openurl?genre=book&isbn=978-1-137-60198-8
942 _cEBOOK
999 _c1639634
_d1639634